Na konci Dlouhé třídy cyklus malých klavírních skladeb /

Hlavní autor: Macourek, Harry, 1923-1992
Jazyk: Čeština
Vydáno: Praha : Panton, 1985
Vydání: 1. vyd.
Témata:
Fyzický popis: 24 s.
Hudebniny Hudebniny
Uloženo v:
LEADER 00714ncm a22002052a 4500
001 000483295
003 CZ BrMZK
005 20020304093721.0
008 010907s1985 xr cze d
040 |a BOA001  |b cze  |c BOA002 
100 1 |a Macourek, Harry,  |d 1923-1992  |7 jn19990009921  |4 aut 
245 1 0 |a Na konci Dlouhé třídy  |h [hudebnina] :  |b cyklus malých klavírních skladeb /  |c Harry Macourek 
250 |a 1. vyd. 
260 |a Praha :  |b Panton,  |c 1985 
300 |a 24 s. 
500 |a Text též německy a anglicky 
910 |a BOA001  |b PK-N-0025.084 
964 |a Klavír - skladby drobné - sbírky 
990 |a MU 
996 7 |b 3119836992  |c PK-N-0025.084  |l MZK  |r Sklad / do 1 hodiny  |n 1  |w 000483295  |u 000010  |a 1  |e BOA001  |j MZK50  |s A